Central Library OPAC University of Rajshahi

American insects : (Record no. 74807)

MARC details
000 -LEADER
fixed length control field 00902pam a2200289 a 4500
001 - CONTROL NUMBER
control field 74807
003 - CONTROL NUMBER IDENTIFIER
rucl marc code BD-RjUL
005 - DATE AND TIME OF LATEST TRANSACTION
control field 20211209082615.0
008 - FIXED-LENGTH DATA ELEMENTS--GENERAL INFORMATION
fixed length control field 840713s1985 nyua b 001 0 eng
020 ## - INTERNATIONAL STANDARD BOOK NUMBER
International Standard Book Number 0442208669
035 ## - SYSTEM CONTROL NUMBER
System control number (BD-RjUL)75025
040 ## - CATALOGING SOURCE
Original cataloging agency DLC
Transcribing agency DLC
Modifying agency DLC
Language of cataloging eng
041 ## - LANGUAGE CODE
Language code of text/sound track or separate title eng
043 ## - GEOGRAPHIC AREA CODE
Geographic area code n-us---
-- n-cn---
082 00 - DEWEY DECIMAL CLASSIFICATION NUMBER
Classification number 595.70973
Edition number 23
Author mark and year ARA 1985
100 1# - MAIN ENTRY--PERSONAL NAME
Personal name Arnett, Ross H.
9 (RLIN) 225684
245 10 - TITLE STATEMENT
Title American insects :
Remainder of title a handbook of the insects of America north of Mexico /
Statement of responsibility, etc. Ross H. Arnett, Jr.
260 ## - PUBLICATION, DISTRIBUTION, ETC. (IMPRINT)
Place of publication, distribution, etc. New York :
Name of publisher, distributor, etc. Van Nostrand Reinhold,
Date of publication, distribution, etc. c1985.
300 ## - PHYSICAL DESCRIPTION
Pagination xiii, 850 p. :
Illustrations ill. ;
Size 29 cm.
504 ## - BIBLIOGRAPHY, ETC. NOTE
Bibliography, etc Includes bibliographies and index.
650 #0 - SUBJECT ADDED ENTRY--TOPICAL TERM
Topical term or geographic name as entry element Insects
Geographic subdivision United States.
9 (RLIN) 225685
Topical term or geographic name as entry element Insects
Geographic subdivision Canada.
9 (RLIN) 225686
906 ## - LOCAL DATA ELEMENT F, LDF (RLIN)
a 7
b cbc
c orignew
d 1
e ocip
f 19
g y-gencatlg
942 ## - ADDED ENTRY ELEMENTS (KOHA)
Source of classification or shelving scheme Dewey Decimal Classification
Koha item type Books
Holdings
Lost status Source of classification or shelving scheme Damaged status Not for loan Collection code Permanent Location Current Location Shelving location Date acquired Source of acquisition Cost, normal purchase price Total Checkouts Full call number Date last seen Copy number Koha item type
  Dewey Decimal Classification   Not For Loan Non-fiction Central Library, University of Rajshahi Central Library, University of Rajshahi Reading Room 18/06/1988 kank 61.50   595.70973 ARA 1985 08/12/2018 C-1 Books